000 00903nas a2200301 4500
001 BR0401795
003 BR-BrBNA
005 20231205104433.0
007 ta
008 230509b bl.|||p| |||| 00| 00por d
040 _aBR-BrBNA
_bpor
_cBiblioteca Nacional de Agricultura
041 _a(En)
072 _aK50
100 1 _aWörster, H.E.
100 1 _aCosta, M.M. da
100 1 _aColodette, J.L.
245 1 _aTreatment of effluent from bleached eucalyptus kraft market pulp mills using hydrogen peroxide and ozone for color reduction - a laboratory study
650 _aEUCALIPTO
650 _aCELULOSE
650 _aCLARIFICAÇÃO
650 _aHIDROGÊNIO
650 _aOZÔNIO
650 _aCOR
650 _aPH
773 0 _tRevista Árvore (Brazil)
_xISSN 0100-6762
_g(1998), v. 22(4) p. 545-554
_wBR0401795
909 _a202311
_bLúcia
_c55
_dLúcia Elande
942 _2AGRIS
_n0
_cANA
999 _c178137
_d178137